00340nam a22001217a 450000500170000000800410001704000070005804100120006508200220007710000170009924500730011665000290018920240314150617.0240314b ||||| |||| 00| 0 eng d cAL aEnglish 223a615.321bNAGA aJacob George aOverall Study on Nagarjuna Herbal Concentrates Ltd Thodupuzha Kerala aProject Report 1994-1997